Industrial establishments in India (list of registered factories, 1966) (Record no. 481122)

000 -LEADER
fixed length control field 00397cam a22001097a 4500
008 - FIXED-LENGTH DATA ELEMENTS--GENERAL INFORMATION
fixed length control field 180718b1966 xxu||||| |||| 00| 0 eng d
082 ## - DEWEY DECIMAL CLASSIFICATION NUMBER
Classification number T2055x54 In2
245 ## - TITLE STATEMENT
Title Industrial establishments in India (list of registered factories, 1966)
Statement of responsibility, etc. by Labour Bureau, India
260 ## - PUBLICATION, DISTRIBUTION, ETC.
Place of publication, distribution, etc. Delhi
Name of publisher, distributor, etc. The Controller of Publications
Date of publication, distribution, etc. 1966
500 ## - GENERAL NOTE
General note Contents: v.5. 279p.; v.6. 416p.
700 ## - ADDED ENTRY--PERSONAL NAME
Personal name India. Labour Bureau
Holdings
Withdrawn status Lost status Damaged status Not for loan Permanent Location Current Location Date acquired Full call number Barcode Date last seen Price effective from Koha item type
        Indian Institute of Public Administration Indian Institute of Public Administration 2018-08-04 T2055x54 In2 GG15069 2018-08-04 2018-08-04 GG

Powered by Koha